[Event "Titled Tuesday intern op 16th Apr Early"]
[Site "Chess.com INT"]
[Date "2024.04.16"]
[Round "10"]
[White "Porozhniak, Maya"]
[Black "Sai Agni, Jeevitesh J"]
[Result "0-1"]
[WhiteElo "1930"]
[BlackElo "2274"]
[PlyCount "212"]
[EventDate "2024.04.16"]
[EventType "swiss (blitz)"]
[EventRounds "11"]
[EventCountry "USA"]
[SourceTitle "CB17_2024"]
[SourceDate "2024.04.24"]
[SourceVersion "1"]
[SourceVersionDate "2024.04.24"]
[SourceQuality "1"]

1. e4 c5 2. Nf3 g6 3. d4 cxd4 4. c3 Bg7 5. Bc4 e6 6. cxd4 d5 7. exd5 exd5 8. Bb5+ Bd7 9. Bxd7+ Nxd7 10. 0-0 Ne7 11. Qb3 Qb6 12. Nbd2 0-0 13. Qxb6 axb6 14. Re1 Nc6 15. Nb3 Nb4 16. Re7 Rfd8 17. a3 Nc6 18. Re1 Ra4 19. Be3 Re8 20. Rad1 h6 21. g3 g5 22. h3 f5 23. Kg2 Kf7 24. Rd3 Bf6 25. Red1 Kg6 26. Ng1 Rc4 27. R1d2 b5 28. Ne2 b4 29. axb4 Rxb4 30. Nec1 b6 31. Na2 Rc4 32. Rd1 Nb4 33. Nxb4 Rxb4 34. Rc3 Nf8 35. Ra1 Ne6 36. Ra6 f4 37. gxf4 gxf4 38. Bd2 Bxd4 39. Nxd4 Rxd4 40. Bc1 Rb4 41. Rc6 Kf5 42. Raxb6 Rxb6 43. Rxb6 Nd4 44. Rxh6 Rg8+ 45. Kf1 Rc8 46. Bd2 Rc2 47. Bc3 Rc1+ 48. Kg2 f3+ 49. Kg3 Rg1+ 50. Kh4 Ne2 51. Rh5+ Ke6 52. Re5+ Kd6 53. Re8 d4 54. Bb4+ Kd5 55. Rf8 Kc4 56. Ba5 Ra1 57. b4 Ng1 58. Kg3 d3 59. h4 d2 60. Rd8 d1Q 61. Rxd1 Rxd1 62. h5 Rd5 63. Kg4 Rd4+ 64. Kg5 Nh3+ 65. Kg6 Rd6+ 66. Kf5 Nxf2 67. Ke5 Rd5+ 68. Kf4 Rxh5 69. Kxf3 Nd3 70. Kg4 Rd5 71. b5 Kxb5 72. Bc7 Kc4 73. Bg3 Kd4 74. Kf3 Rf5+ 75. Kg4 Ke4 76. Bc7 Ne5+ 77. Kg3 Rf3+ 78. Kg2 Ng4 79. Bb6 Ne3+ 80. Kh2 Kd3 81. Bc5 Ke2 82. Bb6 Ng4+ 83. Kg2 Rb3 84. Ba7 Ne3+ 85. Kg3 Nd5+ 86. Kg4 Rb7 87. Bc5 Kd3 88. Kf5 Kc4 89. Bg1 Nc3 90. Ke6 Rb5 91. Bh2 Ne4 92. Be5 Rd5 93. Bg7 Nc5+ 94. Ke7 Rd7+ 95. Kf6 Kd5 96. Bf8 Ne4+ 97. Kf5 Rf7+ 98. Kg6 Rxf8 99. Kg7 Rf6 100. Kg8 Ke6 101. Kg7 Ke7 102. Kh7 Ng5+ 103. Kh8 Ne6 104. Kg8 Ke8 105. Kh7 Kf7 106. Kh8 Rh6# 0-1

[Event "Titled Tuesday intern op 13th Feb Early"]
[Site "Chess.com INT"]
[Date "2024.02.13"]
[Round "6"]
[White "Ovetchkin, Roman"]
[Black "Porozhniak, Maya"]
[Result "1-0"]
[WhiteElo "2518"]
[BlackElo "1863"]
[PlyCount "101"]
[EventDate "2024.02.13"]
[EventType "swiss (blitz)"]
[EventRounds "11"]
[EventCountry "USA"]
[SourceTitle "CB08_2024"]
[SourceDate "2024.02.21"]
[SourceVersion "1"]
[SourceVersionDate "2024.02.21"]
[SourceQuality "1"]

1. d4 c5 2. d5 g6 3. e4 Bg7 4. Nf3 a6 5. a4 d6 6. h3 b6 7. Nc3 Nf6 8. Bc4 0-0 9. 0-0 Nbd7 10. Bf4 Ne8 11. Nd2 Ne5 12. Be2 Nc7 13. Be3 Rb8 14. f4 Nd7 15. Nc4 Bb7 16. Qd2 b5 17. axb5 axb5 18. Na5 c4 19. Bd4 Bxd4+ 20. Qxd4 Nc5 21. b4 cxb3 22. Nxb3 b4 23. Nd1 Nxb3 24. cxb3 Ba8 25. Ne3 Nb5 26. Bxb5 Rxb5 27. Ra7 Re8 28. f5 Qb6 29. Qxb6 Rxb6 30. Rfa1 Bb7 31. Rc1 Ba6 32. Kf2 Kf8 33. Rc6 Rxc6 34. dxc6 Bc8 35. g4 gxf5 36. gxf5 Kg7 37. Kf3 Kf6 38. Kf4 e5+ 39. Kf3 Rf8 40. Nd5+ Kg5 41. Ra8 Bxf5 42. Rxf8 Bxe4+ 43. Kxe4 Kg6 44. Rg8+ Kh6 45. Kf5 e4 46. Kxe4 f5+ 47. Kxf5 Kh5 48. Nf4+ Kh6 49. Kf6 d5 50. Rg5 d4 51. Rh5# 1-0

[Event "Titled Tuesday intern op 16th Jan Early"]
[Site "Chess.com INT"]
[Date "2024.01.16"]
[Round "7"]
[White "Cardozo Munar, Carlos Eduardo"]
[Black "Porozhniak, Maya"]
[Result "1-0"]
[WhiteElo "2043"]
[BlackElo "1863"]
[PlyCount "169"]
[EventDate "2024.01.16"]
[EventType "swiss (blitz)"]
[EventRounds "11"]
[EventCountry "USA"]
[SourceTitle "CB04_2024"]
[SourceDate "2023.10.16"]
[SourceVersion "1"]
[SourceVersionDate "2023.10.16"]
[SourceQuality "1"]

1. d4 c5 2. d5 g6 3. Nf3 Bg7 4. e4 a6 5. c3 b5 6. Bg5 d6 7. Nbd2 Nf6 8. Bd3 Bg4 9. h3 Bxf3 10. Qxf3 Nbd7 11. 0-0 Ne5 12. Qe2 Nxd3 13. Qxd3 0-0 14. Rae1 Nd7 15. f4 Qb6 16. Bxe7 c4+ 17. Qe3 Qxe3+ 18. Rxe3 Rfe8 19. Bxd6 Nb6 20. e5 Nxd5 21. Re2 Rad8 22. Ne4 f5 23. Ng3 Bh6 24. Ref2 Kf7 25. Ne2 Rd7 26. g3 Nc7 27. Rd1 Ne6 28. Kg2 Bf8 29. Nd4 Bxd6 30. Nxe6 Rxe6 31. Rfd2 Ke7 32. Kf3 a5 33. Rd5 b4 34. R1d4 bxc3 35. bxc3 h6 36. exd6+ Rexd6 37. Re5+ Kf6 38. Rxc4 Rd3+ 39. Kf2 Rd2+ 40. Re2 R7d6 41. a4 R2d5 42. Rb2 g5 43. fxg5+ hxg5 44. Rb5 Rd2+ 45. Ke1 Rd1+ 46. Ke2 R6d2+ 47. Ke3 Rd3+ 48. Ke2 R1d2+ 49. Ke1 Rd5 50. Rc6+ Ke5 51. Rxd5+ Rxd5 52. Rb6 Ke4 53. h4 gxh4 54. gxh4 f4 55. Re6+ Kf3 56. Rg6 Rh5 57. Rg5 Rxh4 58. Rxa5 Rh1+ 59. Kd2 Rh2+ 60. Kd3 Kf2 61. Rf5 f3 62. a5 Rh1 63. c4 Rd1+ 64. Ke4 Re1+ 65. Kd5 Ra1 66. Kc6 Ke3 67. Kb6 Rb1+ 68. Kc6 f2 69. c5 Ra1 70. Kb6 Rb1+ 71. Ka7 Ra1 72. a6 Ra2 73. c6 Ke4 74. Rf7 Kd5 75. c7 Kd6 76. c8Q Rxa6+ 77. Kxa6 f1Q+ 78. Rxf1 Ke7 79. Qc7+ Ke6 80. Re1+ Kd5 81. Qd7+ Kc4 82. Rc1+ Kb3 83. Qb5+ Ka2 84. Rc4 Ka3 85. Ra4# 1-0

[Event "Titled Tuesday intern op 16th Jan Early"]
[Site "Chess.com INT"]
[Date "2024.01.16"]
[Round "8"]
[White "Porozhniak, Maya"]
[Black "Osmonbekov, Talaibek D"]
[Result "1-0"]
[WhiteElo "1863"]
[BlackElo "2137"]
[PlyCount "87"]
[EventDate "2024.01.16"]
[EventType "swiss (blitz)"]
[EventRounds "11"]
[EventCountry "USA"]
[SourceTitle "CB04_2024"]
[SourceDate "2023.10.16"]
[SourceVersion "1"]
[SourceVersionDate "2023.10.16"]
[SourceQuality "1"]

1. e4 c5 2. Nf3 d6 3. d4 cxd4 4. c3 Nf6 5. Bd3 dxc3 6. Nxc3 e6 7. 0-0 Be7 8. Qe2 0-0 9. Rd1 Bd7 10. e5 dxe5 11. Nxe5 Nc6 12. Nxc6 bxc6 13. Bf4 Qa5 14. Rac1 Rfd8 15. a3 Be8 16. Qf3 e5 17. Bd2 Qc7 18. Ne4 Nxe4 19. Qxe4 g6 20. Bc3 f6 21. b4 Bf7 22. h4 Bd5 23. Bc4 Qb7 24. h5 Kg7 25. Qg4 Bxc4 26. Qxc4 gxh5 27. Qh4 Rxd1+ 28. Rxd1 Rd8 29. Rxd8 Bxd8 30. Qxh5 Qd7 31. Qf3 Bb6 32. g3 Qd5 33. Qg4+ Kf7 34. Qh5+ Kg7 35. Be1 Qe4 36. Qd1 Kg6 37. Kh2 h5 38. Qd2 Bd4 39. Kg1 Qf3 40. Kh2 Qxa3 41. b5 cxb5 42. Qe2 Qb2 43. Qe4+ Kg5 44. Qf3 1-0

[Event "Titled Tuesday intern op 19th Dec Early"]
[Site "Chess.com INT"]
[Date "2023.12.19"]
[Round "2"]
[White "Matinian, Nikita"]
[Black "Porozhniak, Maya"]
[Result "1-0"]
[WhiteElo "2418"]
[BlackElo "1856"]
[PlyCount "73"]
[EventDate "2023.12.19"]
[EventType "swiss (blitz)"]
[EventRounds "11"]
[EventCountry "USA"]
[SourceTitle "CB52_2023"]
[SourceDate "2023.12.27"]
[SourceVersion "1"]
[SourceVersionDate "2023.12.27"]
[SourceQuality "1"]

1. e4 c5 2. Nc3 e6 3. d4 cxd4 4. Qxd4 a6 5. Nf3 Nc6 6. Qe3 Qc7 7. Bd2 b5 8. 0-0-0 Bb7 9. Nd5 exd5 10. exd5+ Nce7 11. Bb4 d6 12. Ng5 h6 13. Nxf7 Kxf7 14. Qe6+ Ke8 15. Bd3 Nf6 16. Rhe1 Bxd5 17. Bg6+ Kd8 18. Rxd5 Nfxd5 19. Qf7 Nf6 20. Be4 d5 21. Bf3 Rc8 22. c3 a5 23. Bxe7+ Qxe7 24. Rxe7 Bxe7 25. Qxg7 Rg8 26. Qxh6 Ne4 27. Qb6+ Rc7 28. Qxb5 Nxf2 29. Qxd5+ Rd7 30. Qxg8+ Kc7 31. Qg3+ Bd6 32. Qxf2 Bf4+ 33. Kc2 Rd2+ 34. Qxd2 Bxd2 35. Kxd2 Kd6 36. Kd3 Ke5 37. g3 1-0

[Event "Titled Tuesday intern op 12th Dec Early"]
[Site "Chess.com INT"]
[Date "2023.12.12"]
[Round "8"]
[White "Andreev, Konstantin1"]
[Black "Porozhniak, Maya"]
[Result "1/2-1/2"]
[WhiteElo "2224"]
[BlackElo "1856"]
[PlyCount "199"]
[EventDate "2023.12.12"]
[EventType "swiss (blitz)"]
[EventRounds "11"]
[EventCountry "USA"]
[SourceTitle "CB51_2023"]
[SourceDate "2023.12.20"]
[SourceVersion "1"]
[SourceVersionDate "2023.12.20"]
[SourceQuality "1"]

1. e4 c5 2. Nf3 e6 3. d4 cxd4 4. Nxd4 a6 5. Bd3 Ne7 6. 0-0 Nbc6 7. Nxc6 Nxc6 8. f4 d6 9. Be3 Be7 10. Nc3 b5 11. Qf3 Bb7 12. Ne2 Nb4 13. a3 Nxd3 14. cxd3 0-0 15. Kh1 f5 16. Rae1 Bf6 17. Bd4 e5 18. Bc3 Qb6 19. Qh3 exf4 20. Qxf5 Bxc3 21. Qe6+ Kh8 22. bxc3 Rae8 23. Qg4 d5 24. Nxf4 dxe4 25. dxe4 Qd6 26. e5 Qxa3 27. e6 Qe7 28. Qh5 Kg8 29. h3 Rc8 30. Rd1 Rc5 31. Rd7 Qxd7 32. Qxc5 Qc6 33. Qf2 Rxf4 34. Qe2 Rxf1+ 35. Qxf1 Qe8 36. Qf5 Bc6 37. Qe5 g6 38. Qf6 Bd5 39. e7 Bf7 40. Qd6 a5 41. h4 h5 42. Kh2 Kh7 43. g4 a4 44. gxh5 gxh5 45. Qd3+ Kg7 46. Qd4+ Kg8 47. Qd6 a3 48. Qxa3 Qb8+ 49. Kg2 Qb7+ 50. Kg1 Qb6+ 51. Kf1 Qf6+ 52. Kg1 Qg6+ 53. Kf2 Qf5+ 54. Kg3 Qg4+ 55. Kf2 Qf4+ 56. Ke1 Qe3+ 57. Kd1 Qd3+ 58. Ke1 Kg7 59. Qc5 Qe4+ 60. Kf2 Qf4+ 61. Ke1 Qxh4+ 62. Kd2 Qf4+ 63. Ke1 Qg3+ 64. Kd2 h4 65. Qd4+ Kg8 66. Qd8+ Kg7 67. Qd4+ Kg6 68. Qe4+ Kf6 69. e8Q Bxe8 70. Qxe8 Qf4+ 71. Kd1 Qf3+ 72. Kd2 Qg2+ 73. Kd1 h3 74. Qf8+ Ke5 75. Qc5+ Kf4 76. Qd6+ Kg4 77. Qe6+ Kf4 78. Qd6+ Ke4 79. Qc6+ Kd3 80. Qxb5+ Kxc3 81. Qc5+ Kd3 82. Qd6+ Ke3 83. Qc5+ Kf4 84. Qd6+ Kf3 85. Qd5+ Kf2 86. Qd4+ Kf1 87. Qd3+ Kg1 88. Qd4+ Qf2 89. Qg7+ Qg2 90. Qd4+ Kh1 91. Qh4 h2 92. Ke1 Qg1+ 93. Ke2 Qg2+ 94. Ke1 Qf3 95. Qg5 Qe4+ 96. Kf1 Qd3+ 97. Ke1 Qe4+ 98. Kf1 Qf3+ 99. Ke1 Qg2 100. Qh4 1/2-1/2

[Event "Titled Tuesday intern op 12th Dec Early"]
[Site "Chess.com INT"]
[Date "2023.12.12"]
[Round "1"]
[White "Gabrielian, Artur"]
[Black "Porozhniak, Maya"]
[Result "1-0"]
[WhiteElo "2442"]
[BlackElo "1856"]
[PlyCount "101"]
[EventDate "2023.12.12"]
[EventType "swiss (blitz)"]
[EventRounds "11"]
[EventCountry "USA"]
[SourceTitle "CB51_2023"]
[SourceDate "2023.12.20"]
[SourceVersion "1"]
[SourceVersionDate "2023.12.20"]
[SourceQuality "1"]

1. e4 c5 2. Nf3 e6 3. Nc3 a6 4. d4 cxd4 5. Nxd4 Qc7 6. Bd3 Bb4 7. 0-0 Bxc3 8. bxc3 Qxc3 9. Be3 Nf6 10. Qf3 Qc7 11. Rae1 Nc6 12. Nxc6 dxc6 13. Bd4 e5 14. Qg3 Nh5 15. Qxe5+ Qxe5 16. Bxe5 0-0 17. f4 Be6 18. a4 f6 19. Bd6 Rfd8 20. e5 f5 21. a5 Rac8 22. Rb1 Rd7 23. Rb6 g6 24. g3 Bd5 25. c4 Bf7 26. c5 Ng7 27. Rfb1 Ne6 28. Rxb7 Rcd8 29. Rxd7 Rxd7 30. Bxa6 Ra7 31. Rb6 Nd4 32. Kf2 Bd5 33. Ke3 Ne6 34. Rb8+ Kg7 35. Rb7+ Rxb7 36. Bxb7 Bc4 37. a6 Bxa6 38. Bxa6 h6 39. Bc4 Nd8 40. Bc7 Nb7 41. Bb6 g5 42. Ba6 Nxc5 43. Bxc5 gxf4+ 44. Kxf4 Kg6 45. Bd3 h5 46. Bxf5+ Kf7 47. Kg5 h4 48. gxh4 Ke8 49. Kf6 Kd8 50. Bd6 Ke8 51. h5 1-0

[Event "Titled Tuesday intern op 12th Dec Early"]
[Site "Chess.com INT"]
[Date "2023.12.12"]
[Round "3"]
[White "Porozhniak, Maya"]
[Black "Borgaonkar, Akshay"]
[Result "0-1"]
[WhiteElo "1856"]
[BlackElo "2206"]
[PlyCount "98"]
[EventDate "2023.12.12"]
[EventType "swiss (blitz)"]
[EventRounds "11"]
[EventCountry "USA"]
[SourceTitle "CB51_2023"]
[SourceDate "2023.12.20"]
[SourceVersion "1"]
[SourceVersionDate "2023.12.20"]
[SourceQuality "1"]

1. e4 e6 2. d4 d5 3. exd5 exd5 4. Qf3 Nf6 5. h3 c6 6. Bd3 Be7 7. c3 0-0 8. Ne2 h6 9. g4 Re8 10. g5 hxg5 11. Bxg5 Ne4 12. Bxe7 Qxe7 13. Nd2 Nxd2 14. Kxd2 Nd7 15. Rae1 Qg5+ 16. Kc2 Nf6 17. Reg1 Qh6 18. Rg3 Ne4 19. Rg2 Bf5 20. Qxf5 Qd2+ 21. Kb1 Qxd3+ 22. Ka1 Qxe2 23. Rhg1 Ng3 24. Rxg3 Qe1+ 25. Qb1 Qxb1+ 26. Kxb1 g6 27. Re3 Rxe3 28. fxe3 Re8 29. Rg3 Kg7 30. Kc2 f5 31. Kd3 Kf6 32. Rg1 g5 33. b3 f4 34. exf4 gxf4 35. c4 Re3+ 36. Kd2 Rxh3 37. Rg8 Kf5 38. c5 Ke4 39. Rg7 Kxd4 40. Rxb7 Kxc5 41. Rxa7 Kd4 42. Rf7 Rh2+ 43. Ke1 Ke3 44. Re7+ Kf3 45. a4 Rb2 46. Rb7 c5 47. a5 c4 48. a6 c3 49. Rc7 Rb1# 0-1

[Event "Titled Tuesday intern op 12th Dec Early"]
[Site "Chess.com INT"]
[Date "2023.12.12"]
[Round "4"]
[White "Thorfinnsson, Bjorn"]
[Black "Porozhniak, Maya"]
[Result "1-0"]
[WhiteElo "2353"]
[BlackElo "1856"]
[PlyCount "71"]
[EventDate "2023.12.12"]
[EventType "swiss (blitz)"]
[EventRounds "11"]
[EventCountry "USA"]
[SourceTitle "CB51_2023"]
[SourceDate "2023.12.20"]
[SourceVersion "1"]
[SourceVersionDate "2023.12.20"]
[SourceQuality "1"]

1. d4 c5 2. c3 cxd4 3. cxd4 g6 4. Nc3 Bg7 5. Nf3 Nf6 6. Bg5 0-0 7. e3 d6 8. Bd3 a6 9. Qc2 b5 10. a3 Bb7 11. h4 Nbd7 12. h5 e5 13. hxg6 fxg6 14. Qb3+ Rf7 15. dxe5 Nxe5 16. Nxe5 dxe5 17. 0-0-0 Qc7 18. Bxf6 Bxf6 19. Kb1 Bxg2 20. Rh2 Bf3 21. Rg1 Kg7 22. Rxh7+ Kxh7 23. Bxg6+ Kh8 24. Bxf7 e4 25. Qe6 Qe5 26. Qh3+ Bh5 27. Qxh5+ Qxh5 28. Bxh5 Rd8 29. Nxe4 Bg7 30. f4 Rd5 31. Bf3 Rd3 32. Re1 Rb3 33. Re2 a5 34. Nc5 a4 35. Nxb3 axb3 36. e4 1-0

[Event "Titled Tuesday intern op 14th Nov Early"]
[Site "Chess.com INT"]
[Date "2023.11.14"]
[Round "6"]
[White "Porozhniak, Maya"]
[Black "Erzhanov, Arman"]
[Result "0-1"]
[WhiteElo "1856"]
[BlackElo "2175"]
[PlyCount "128"]
[EventDate "2023.11.14"]
[EventType "swiss (blitz)"]
[EventRounds "11"]
[EventCountry "USA"]
[SourceTitle "CB47_2023"]
[SourceDate "2023.11.22"]
[SourceVersion "1"]
[SourceVersionDate "2023.11.22"]
[SourceQuality "1"]

1. e4 d6 2. Nf3 Nf6 3. Nc3 c6 4. d4 Bg4 5. h3 Bxf3 6. Qxf3 e6 7. Bd3 d5 8. e5 Nfd7 9. Ne2 c5 10. c3 Nc6 11. 0-0 Rc8 12. Qg3 cxd4 13. cxd4 Nb4 14. Bb1 Qb6 15. Rd1 g6 16. Nc3 h5 17. a3 Nc6 18. Qd3 Na5 19. b4 Nc4 20. Ra2 Be7 21. f4 h4 22. Kh2 Rh5 23. Bc2 a6 24. Na4 Qc6 25. Nc5 Nxc5 26. bxc5 b6 27. Bb3 bxc5 28. Qc2 cxd4 29. Ba4 Kf8 30. Bxc6 Rxc6 31. Rxd4 Nxe5 32. Qd1 Nc4 33. a4 Bd6 34. Kh1 Rf5 35. Qf3 g5 36. Qh5 gxf4 37. Qh8+ Ke7 38. Qxh4+ Kd7 39. Rf2 Ne5 40. Bxf4 Ng6 41. Qh6 Nxf4 42. Rdxf4 Rc1+ 43. Kh2 Rc4 44. g3 Bxf4 45. gxf4 Rxa4 46. Kg3 Ra3+ 47. Rf3 Ra1 48. Qf8 a5 49. Qa8 a4 50. Qa7+ Ke8 51. Qb8+ Ke7 52. Qc7+ Kf8 53. Qd6+ Kg7 54. Qb4 Kh7 55. Qb2 Rg1+ 56. Kh2 Rg8 57. Rf2 Ra8 58. Qa3 d4 59. Rf3 Rd5 60. Qd3+ Kg7 61. Rg3+ Kf8 62. Qa3+ Ke8 63. Rg8+ Kd7 64. Rxa8 d3 0-1

[Event "RUS-chT Blitz (Women)"]
[Site "Sochi"]
[Date "2023.10.17"]
[Round "2.7"]
[White "Chistova, Ekaterina"]
[Black "Porozhniak, Maya"]
[Result "0-1"]
[WhiteElo "1223"]
[BlackElo "1856"]
[PlyCount "123"]
[EventDate "2023.10.17"]
[EventType "team-tourn (blitz)"]
[EventRounds "13"]
[EventCountry "RUS"]
[SourceTitle "Mega2024 Update 01"]
[Source "Chessbase"]
[SourceDate "2023.11.12"]
[SourceVersion "1"]
[SourceVersionDate "2023.11.12"]
[SourceQuality "1"]
[WhiteTeam "Moscow Botvinnik School (W) II"]
[BlackTeam "Krasnodar Kassiopeya (W)"]
[WhiteTeamCountry "RUS"]
[BlackTeamCountry "RUS"]

1. d4 c5 2. d5 g6 3. c4 Bg7 4. Nc3 Bxc3+ 5. bxc3 Qa5 6. Qb3 f5 7. Nf3 Nf6 8. e3 Ne4 9. Bd2 0-0 10. Bd3 Nf6 11. 0-0 d6 12. Rab1 Qc7 13. Ng5 h6 14. Ne6 Bxe6 15. dxe6 b6 16. Be2 Ne4 17. Rfd1 Nc6 18. Bf3 Ne5 19. Bxe4 fxe4 20. a4 Rab8 21. Qb5 Rf6 22. Be1 Rxe6 23. Rd5 Rf6 24. a5 Kf7 25. Rdd1 Nd7 26. a6 Ne5 27. Ra1 Rf8 28. Qb1 Kg7 29. Qxe4 Qc8 30. Ra2 Qe6 31. Qd5 Qf5 32. e4 Qg4 33. Raa1 Nf3+ 34. Kh1 Nxe1 35. Rxe1 Rxf2 36. Rg1 R8f7 37. e5 R2f5 38. Qe6 Qe4 39. Qd7 Qxe5 40. Qxa7 Rh5 41. h3 Qg3 42. Rgf1 Qxc3 43. Rxf7+ Kxf7 44. Rf1+ Rf5 45. Rxf5+ gxf5 46. Qxb6 Qc1+ 47. Kh2 Qf4+ 48. Kg1 Qxc4 49. a7 Qd4+ 50. Kh2 Qe5+ 51. Kg1 Qa1+ 52. Kh2 Qe5+ 53. Kg1 Qe1+ 54. Kh2 Qe5+ 55. g3 Qe2+ 56. Kg1 Qe1+ 57. Kg2 Qe2+ 58. Kg1 Qe3+ 59. Kg2 Qe2+ 60. Kg1 Qe1+ 61. Kg2 Qe2+ 62. Kg1 0-1

[Event "RUS-ch Rapid (Women)"]
[Site "Sochi"]
[Date "2023.10.15"]
[Round "5"]
[White "Drozdova, Dina"]
[Black "Porozhniak, Maya"]
[Result "1-0"]
[WhiteElo "2158"]
[BlackElo "1856"]
[PlyCount "149"]
[EventDate "2023.10.15"]
[EventType "swiss (rapid)"]
[EventRounds "11"]
[EventCountry "RUS"]
[SourceTitle "Mega2024 Update 01"]
[Source "Chessbase"]
[SourceDate "2023.11.12"]
[SourceVersion "1"]
[SourceVersionDate "2023.11.12"]
[SourceQuality "1"]

1. d4 c5 2. dxc5 Na6 3. g3 Nxc5 4. Bg2 d6 5. Nf3 Qa5+ 6. c3 Qa4 7. 0-0 Nf6 8. b3 Qa6 9. c4 g6 10. Bb2 Bg7 11. Nc3 0-0 12. Nd4 Qb6 13. Qd2 a6 14. Rac1 Ne6 15. Nc2 Qc5 16. Ne3 Qh5 17. Ncd5 Nxd5 18. Nxd5 Re8 19. Bxg7 Kxg7 20. Rfd1 Rb8 21. b4 Bd7 22. Qb2+ f6 23. c5 Ba4 24. cxd6 Bxd1 25. Rxd1 Qe5 26. Qxe5 fxe5 27. d7 Red8 28. Nb6 Nd4 29. e3 Nc6 30. a3 Kf6 31. h4 e6 32. Rc1 e4 33. Bxe4 Ne5 34. Rc7 Ke7 35. Nc8+ Kf6 36. Nb6 Ke7 37. Nc8+ Kf6 38. Nb6 Ke7 39. Bxb7 Kd6 40. Rc8 Nxd7 41. Nc4+ Ke7 42. Rc7 Kf8 43. Bxa6 Nf6 44. b5 Rd1+ 45. Kg2 Nd5 46. Rxh7 Kg8 47. Ra7 Rc1 48. Ne5 Rc2 49. Ng4 Kh8 50. Rd7 Ra2 51. e4 Nb6 52. Re7 Rf8 53. Rxe6 Na4 54. Rxg6 Rxa3 55. Bb7 Nc3 56. Bc6 Kh7 57. h5 Rb3 58. Rg5 Rb4 59. Re5 Rb8 60. Re7+ Kg8 61. Nf6+ Kf8 62. Rh7 R8xb5 63. Bxb5 Rxb5 64. g4 Nd1 65. Kg3 Rb2 66. f3 Ne3 67. Nd5 Nf1+ 68. Kf4 Rb3 69. Ra7 Nd2 70. Ne3 Rb6 71. g5 Nb3 72. h6 Kg8 73. Nd5 Re6 74. Nf6+ Kf8 75. h7 1-0

[Event "RUS-ch Rapid (Women)"]
[Site "Sochi"]
[Date "2023.10.15"]
[Round "4"]
[White "Goltseva, Ekaterina"]
[Black "Porozhniak, Maya"]
[Result "1-0"]
[WhiteElo "2338"]
[BlackElo "1856"]
[PlyCount "73"]
[EventDate "2023.10.15"]
[EventType "swiss (rapid)"]
[EventRounds "11"]
[EventCountry "RUS"]
[SourceTitle "Mega2024 Update 01"]
[Source "Chessbase"]
[SourceDate "2023.11.12"]
[SourceVersion "1"]
[SourceVersionDate "2023.11.12"]
[SourceQuality "1"]

1. d4 e6 2. c4 b6 3. a3 Bb7 4. Nc3 Nf6 5. d5 Be7 6. g3 0-0 7. Bg2 d6 8. e4 Re8 9. Nge2 c6 10. 0-0 cxd5 11. cxd5 exd5 12. exd5 Bf8 13. Nd4 a6 14. Bf4 Nbd7 15. Nc6 Qc7 16. b4 Ne5 17. Rc1 Qd7 18. Na4 Qc7 19. Nxe5 Qxc1 20. Bxc1 dxe5 21. Nxb6 Rad8 22. Bg5 Be7 23. Re1 h6 24. Bxf6 gxf6 25. Qg4+ Kh8 26. Qf5 Rg8 27. Be4 Rg7 28. Rd1 a5 29. bxa5 Kg8 30. d6 Bxe4 31. Qxe4 Bf8 32. a6 f5 33. Qxf5 f6 34. Qxf6 Rb8 35. d7 Be7 36. Qe6+ Kf8 37. a7 1-0